00381nam a2200157Ia 450000500170000000800410001702000180005808200130007610000180008924500280010725000060013526000290014130000170017050000260018765000100021320260108163026.0230524s9999 xx 000 0 und d a9788131729885 bGOPa624 aSatheesh Gopi 0aBasic Civil Engineering a1 aNew DelhibPearsonc2015 a"XIII,321p;" aQuantity Number: 211 aCivil